Řecko-makedonské vztahy: bezejmenný voják v bezejmenném státě
Vlečúci sa spor medzi Gréckom a Macedónskom o pomenovanie štátu. Z histórie macedónskeho národného štátu. Rozpad bývalej Juhoslávie a vyhlásenie samostatnosti Macedónskej republiky (Republic of Macedonia). Macedónsko v medzinárodných organizáciách uvádzané ako Former Yugoslav Republic of Macedonia (...
Saved in:
| Main Author: | |
|---|---|
| Format: | Book Chapter |
| Language: | Czech |
| Subjects: | |
| Tags: |
No Tags, Be the first to tag this record!
|
MARC
| LEADER | 00000naa a2200000 4500 | ||
|---|---|---|---|
| 001 | 0137160 | ||
| 005 | 20231016094508.9 | ||
| 041 | 0 | |a cze | |
| 044 | |a CZ | ||
| 245 | 1 | 0 | |a Řecko-makedonské vztahy: bezejmenný voják v bezejmenném státě |c Tereza Fantlová |
| 520 | |a Vlečúci sa spor medzi Gréckom a Macedónskom o pomenovanie štátu. Z histórie macedónskeho národného štátu. Rozpad bývalej Juhoslávie a vyhlásenie samostatnosti Macedónskej republiky (Republic of Macedonia). Macedónsko v medzinárodných organizáciách uvádzané ako Former Yugoslav Republic of Macedonia (FYROM). Vývoj politickej situácie v 90. rokoch. Zlepšenie ekonomických vzťahov medzi Gréckom a Macedónskom. Ďalšia dekáda sporov. Socha jazdca na koni umiestnená v Skopji ako príčina nových sporov. | ||
| 610 | 2 | 0 | |a politika zahraničná |
| 610 | 2 | 0 | |a politika medzinárodná |
| 610 | 2 | 0 | |a konflikty |
| 610 | 2 | 0 | |a história |
| 610 | 2 | 0 | |a Macedónsko |
| 610 | 2 | 0 | |a Grécko |
| 100 | 1 | |a Fantlová, Tereza | |